| 000 | 00421nam a2200157Ia 4500 | ||
|---|---|---|---|
| 005 | 20250326130801.0 | ||
| 008 | 250326s9999 xx 000 0 und d | ||
| 037 | _aAnnuals, Advances | ||
| 040 |
_aFMSL _beng _cFMSL |
||
| 041 |
_aeng _2eng |
||
| 084 | _qFMSL | ||
| 100 | _aPATTERSON | ||
| 245 | 0 |
_aGlobal competitivesness in supply chain management _cPATTERSON |
|
| 942 | _cTB | ||
| 999 |
_c1284081 _d1284081 |
||